000
00206nam a2200097Ia 4500
008
240331s9999 xx 000 0 und d
082
_b
WOM
100
_a
Varme,K.R. ed
245
0
_a
Women in Kerala
942
_c
L
999
_c
1795
_d
1795